000 00259nam a2200121Ia 4500
008 190216s9999||||xx |||||||||||||| ||und||
100 _aKotpal R L
245 0 _aMollusca
260 _bRasthogi Pub
_c1986
300 _a238p
650 _aZoology
942 _cBK
999 _c37403
_d37403